University Home | Library Home | Institutional Repository

Fish as feed inputs for aquaculture: (Record no. 115692)

MARC details
000 -LEADER
fixed length control field 00649cas a2200193 4500
008 - FIXED-LENGTH DATA ELEMENTS--GENERAL INFORMATION
fixed length control field 110120n eng u
020 ## - INTERNATIONAL STANDARD BOOK NUMBER
International Standard Book Number 9789251064191
035 ## - SYSTEM CONTROL NUMBER
System control number (Sirsi) a172246
050 ## - LIBRARY OF CONGRESS CALL NUMBER
Classification number FAO SH1.F2:
Item number FIS 2010
245 ## - TITLE STATEMENT
Title Fish as feed inputs for aquaculture:
Remainder of title Practices,sustainability and Implications/
Statement of responsibility, etc. edited by Mohammad R. Hasan and Matthias Halwart
260 ## - PUBLICATION, DISTRIBUTION, ETC.
Place of publication, distribution, etc. Rome:
Name of publisher, distributor, etc. Food and Agriculture Organisation,
Date of publication, distribution, etc. 2009
300 ## - PHYSICAL DESCRIPTION
Extent xvi,407p.:
Other physical details ill.
362 ## - DATES OF PUBLICATION AND/OR SEQUENTIAL DESIGNATION
Dates of publication and/or sequential designation no.518
650 ## - SUBJECT ADDED ENTRY--TOPICAL TERM
Topical term or geographic name entry element Fisheries
650 ## - SUBJECT ADDED ENTRY--TOPICAL TERM
Topical term or geographic name entry element Aquaculture
700 ## - ADDED ENTRY--PERSONAL NAME
Personal name Hasan,R. Mohammad
700 ## - ADDED ENTRY--PERSONAL NAME
Personal name Halwart, Matthias
710 ## - ADDED ENTRY--CORPORATE NAME
Corporate name or jurisdiction name as entry element Food and Agriculture Organisation
Holdings
Withdrawn status Lost status Source of classification or shelving scheme Damaged status Not for loan Home library Current library Shelving location Cost, normal purchase price Total Checkouts Full call number Barcode Date last seen Copy number Price effective from Koha item type
    Library of Congress Classification     Main Library Main Library Special collections 0.00   FAO SH1.F2 FIS 2010 33729000840624 08/21/2019 1 08/21/2019 Book
© 2026 - The University of Zambia Library - Koha v25.11